Utopia and reform in the Enlightenment. (Record no. 551755)
[ view plain ]
| 000 -LEADER | |
|---|---|
| fixed length control field | 00725cam a2200205 4500 |
| 020 ## - INTERNATIONAL STANDARD BOOK NUMBER | |
| International Standard Book Number | 0521078458 |
| 082 00 - DEWEY DECIMAL CLASSIFICATION NUMBER | |
| Classification number | 940.25 |
| Author Mark | VEN |
| -- | L-30, P-161 |
| 100 1# - MAIN ENTRY--PERSONAL NAME | |
| Personal name | Venturi, Franco. |
| 9 (RLIN) | 48886 |
| 245 10 - TITLE STATEMENT | |
| Title | Utopia and reform in the Enlightenment. |
| 260 ## - PUBLICATION, DISTRIBUTION, ETC. | |
| Place of publication, distribution, etc. | Cambridge [Eng.] |
| Name of publisher, distributor, etc. | University Press, |
| Date of publication, distribution, etc. | 1971 [i.e. 1970] |
| 300 ## - PHYSICAL DESCRIPTION | |
| Extent | v, 160 p. |
| Dimensions | 22 cm. |
| 500 ## - GENERAL NOTE | |
| General note | Translation of Utopia e riforma nell'Illuminismo. |
| 526 ## - STUDY PROGRAM INFORMATION NOTE | |
| Program name | 0 |
| Interest level | 0 |
| Reading level | 0 |
| Title point value | 940_250000000000000_VEN |
| 650 #0 - SUBJECT ADDED ENTRY--TOPICAL TERM | |
| Topical term or geographic name entry element | Enlightenment. |
| 9 (RLIN) | 48887 |
| 650 #0 - SUBJECT ADDED ENTRY--TOPICAL TERM | |
| Topical term or geographic name entry element | MCE |
| 9 (RLIN) | 379 |
| 650 #0 - SUBJECT ADDED ENTRY--TOPICAL TERM | |
| Topical term or geographic name entry element | Philosophy, Modern |
| 9 (RLIN) | 48888 |
| 856 41 - ELECTRONIC LOCATION AND ACCESS | |
| Uniform Resource Identifier | <a href="http://www.loc.gov/catdir/enhancements/fy0916/71123676-t.html">http://www.loc.gov/catdir/enhancements/fy0916/71123676-t.html</a> |
| 856 42 - ELECTRONIC LOCATION AND ACCESS | |
| Uniform Resource Identifier | <a href="http://www.loc.gov/catdir/enhancements/fy0916/71123676-d.html">http://www.loc.gov/catdir/enhancements/fy0916/71123676-d.html</a> |
| 942 ## - ADDED ENTRY ELEMENTS (KOHA) | |
| Source of classification or shelving scheme | |
| Koha item type | Book |
| Withdrawn status | Lost status | Source of classification or shelving scheme | Damaged status | Not for loan | Permanent Location | Current Location | Date acquired | Total Checkouts | Full call number | Barcode | Date last seen | Price effective from | Koha item type |
|---|---|---|---|---|---|---|---|---|---|---|---|---|---|
| Military College of Engineering (MCE) | Military College of Engineering (MCE) | 12/26/2014 | 940.25 VEN | MCE-5236 | 12/26/2014 | 12/26/2014 | Book |
